Financing foreign operations : Americas.
| Format: | Book |
|---|---|
| Published: |
New York:
Economist Intelligence Unit,
199 6.
|
| Subjects: |
| LEADER | 00456cam a2200157 7i4500 | ||
|---|---|---|---|
| 001 | 0000005564 | ||
| 005 | 19991025090000.0 | ||
| 002 | ##000007201 | ||
| 020 | 0 | 0 | |a T000005638 |
| 090 | 0 | 0 | |a I 332.673 |b FIN |
| 245 | 0 | 0 | |a Financing foreign operations : |b Americas. |
| 260 | 0 | 0 | |a New York: |b Economist Intelligence Unit, |c 199 6. |
| 300 | 0 | 0 | |a v. p.. |
| 650 | 0 | 0 | |a Investments -- |z America |
| 651 | 0 | 0 | |a America |
| 999 | |a 0000008447 |b Book |c Open shelf |e Business Information Centre | ||